Normal view
MARC view
- Jain, R.K, Iyengar, S.R.K
Entry Personal Name
001 - CONTROL NUMBER
- control field: 62104
003 - CONTROL NUMBER IDENTIFIER
- control field: NUST
005 - DATE AND TIME OF LATEST TRANSACTION
- control field: 20210628202857.0
008 - FIXED-LENGTH DATA ELEMENTS
- fixed length control field: 210628|| aca||aabn | a|a d
040 ## - CATALOGING SOURCE
- Original cataloging agency: NUST
- Transcribing agency: NUST
100 ## - HEADING--PERSONAL NAME
- Personal name: Jain, R.K, Iyengar, S.R.K
670 ## - SOURCE DATA FOUND
- Source citation: Work cat.: (NUST): Jain, R.K, Iyengar, S.R.K, Advanced engineering mathematics, vol-1&2, 2003
